ロード中...

Williams textbook of endocrinology

書誌詳細
第一著者: Wilson, Jean D, Ed.; Foster, Daniel W, Ed
フォーマット: Printed Book
出版事項: W B Saunders Co., Philadelphia 2002
版:10
主題:
LEADER 00526nam a2200193 4500
020
082 |a 573.4 WIL-W10 
100 |a Wilson, Jean D, Ed.; Foster, Daniel W, Ed. 
245 |a Williams textbook of endocrinology 
250 |a 10 
260 |a W B Saunders Co., Philadelphia  |c 2002 
300
490
500
590 |a PJ 
650 |a Endocrinology 
942 |c BK 
999 |c 91276  |d 91276 
952 |0 0  |1 0  |4 0  |6 573_400000000000000_WILW10  |7 0  |9 104744  |a ZGY  |b ZGY  |l 0  |o 573.4 WIL-W10  |p ZGY03813  |r 2019-09-25  |w 2019-09-25  |y BK